Formula One MCQ #4. - Statistics

General Stats
  • This quiz has been taken 15 times
  • The average score is 11 of 15
Answer Stats
Question Answer % Correct
Lando Norris clinched the WDC by defeating Max Verstappen by the slim margin of just _ points. 2
100%
Twenty years after Formula 1’s last fatality, the promising and hugely popular young driver Jules Bianchi from this country died as a result of an accident. A. France
92%
Andrea de Cesaris has got the unlikelable record of having 18 straight retirements coming from this country Italy
92%
This driver has the unique distinction of being the youngest Grand Prix startergrid that is unlikely to be broken. Max Verstappen
92%
He survived a terrifying fireball accident at the end of his final season in Formula 1, adopting the nickname “the Phoenix” for his new career in IndyCar, where he races today. Romain Grosjean
92%
Mercedes returned to Formula 1 in 2010 after a fifty-five-year gap from their last entry as a manufacturer, purchasing this team that had won the world championships in 2009 Brawn GP
85%
This F1 Driver is the youngest to score in F1 history at 17 years and 180 days. Max Verstappen
85%
McLaren has the most podium finishes for a team in a year, beating Mercedes' record of 33 in 2016
69%
Lando Norris is the _th driver to win the coveted Formula One championship 35
69%
This driver has got the nemesis of having most number of DNFs in F1. Andrea de Cesaria
69%
Lando Norris wins the 2025 WDC. He became the _th British driver to do so 11
62%
He is the oldest driver ever in F1 history till date. Louis Chiron
54%
Hamilton's _ years of streak of finishing on the podium at least once in every season came to an end 18
46%
What was the last time when McLaren had won both Constructors as well as Drivers Championship 2025
46%
Leclerc became the _ driver for Ferrari to make 150 starts for Ferrari. 3rd
38%
No matching quizzes found
Score Distribution
Percent of People with Each Score
Percentile by Number Answered
Your Score History
You have not taken this quiz